| 000 | 01390nam a22002417a 4500 | ||
|---|---|---|---|
| 999 |
_c60100 _d60100 |
||
| 003 | Ge_BSU | ||
| 005 | 20230608125930.0 | ||
| 008 | 230608s2002 ge ||||| |||| 00| 0 geo d | ||
| 020 | _a9992882204 | ||
| 041 | _ageo | ||
| 080 | _a94(381)(092 ალექსანდრე მაკედონელი) პ-46 | ||
| 100 |
_aპლუტარქე _916068 |
||
| 245 |
_aალექსანდრე მაკედონელი / _cპლუტარქეს მიხედვით; [პროექტის ავტ.: თამარ ებრალიძე; რედ.: დალი გერმანიშვილი]. |
||
| 264 |
_aთბილისი : _bლიტერა, _c2002. |
||
| 300 |
_a41გვ. : _bილ. ; _c20სმ. |
||
| 490 | _aცივილიზაციათა დიალოგი ; სერია "მეფეები". | ||
| 653 | _aალექსანდრე მაკედონელი | ||
| 653 | _aადაპტირებული ტექსტი ყმაწვილთათვის | ||
| 653 | _aბერძნული პროზა | ||
| 700 |
_aებრალიძე, თამარ _eადაპტირებული ტექსტის ავტორი. _918568 |
||
| 700 |
_aგერმანიშვილი, დალი _eრედაქტორი _95061 |
||
| 942 |
_2udc _cBK |
||